000 01346nam a2200385 a 4500
001 21781
003 VRT
005 20260309143834.0
008 250414s1991 CS 0 cze
020 _a8020801782
035 _aSNK000074112
039 9 _a202504141428
_bVLOAD
_c202403181926
_dVLOAD
_c202305121214
_dAUTHORITY
_c202305121200
_dAUTHORITY
040 _aSNK
_bslo
_cSNK
_eAACR2
041 0 _acze
044 _a[CS]
080 _a820(73)-31=850
_21981
080 _a82-312.9
_21981
100 1 _aClarke, Arthur C.
_q(Arthur Charles),
_d1917-2008
_4aut
245 1 0 _a2010: Druhá vesmírná odysea
_cArthur Charles Clarke ; přel. Zdeněk Volný, Vladimír Svoboda ; Ilustr. Jiří M. Trnka
250 _a1. vyd.
260 _aPraha
_bPráce
_c1991
300 _a235, [1] s.
_c20 cm
490 1 _aKamarád
490 0 _aKamarád
700 1 _aVolný, Zdeněk
_4trl
700 1 _aSvoboda, Vladimír
_4aut
700 1 _aTrnka, Jiří M.
_4ill
830 0 _aSlovenská národná knižnica v Martine
942 _2ddc
_cKLDO
_n0
949 _617A0035564
_9P60, <04>, [BOOK], {604}
_asnkID 92534 D1
_s6102:20130920
949 _6273K0188840
_asvkpoA 154339
_bsvkpo380774
_oPV 1795/92
949 _617A0225218
_9P60, <04>, [BOOK], {604}
_asnkID 92534
999 _c21781
_d21781